Poisson-pilote : Patrice Duvic.

Saved in:
Bibliographic Details
Main Author: Duvic, Patrice
Format: Book
Language:French
Published: Paris : Denoel, 1979.
Series:Présence du futur ; 286
LEADER 00699nam a22002051 4500
001 c000202936
003 CARM
005 20021125002000.0
008 851113s1979 fr 1 fre d
019 1 |a 4129438  |5 LACONCORD2021 
035 |a (OCoLC)16382987  |5 LACONCORD2021 
100 1 |a Duvic, Patrice. 
245 1 0 |a Poisson-pilote :  |b Patrice Duvic. 
260 |a Paris :  |b Denoel,  |c 1979. 
300 |a 218 p. 
440 0 |a Présence du futur ;  |v 286 
852 8 |b CARM  |h A2:AL09A0  |i A03192  |p 0291434  |f BK 
082 0 4 |a 843.9 
999 f f |i dba56dcd-e076-57df-b6da-e2568f04dcaf  |s aa0923fe-eb95-5539-9f3e-3e92920752cf 
952 f f |p Can circulate  |a CAVAL  |b CAVAL  |c CAVAL  |d CARM 1 Store  |e A03192  |f A2:AL09A0  |h Other scheme  |i book  |m 0291434